Fundamentos de transferencia de calor.
| Main Authors: | , |
|---|---|
| Format: | Section = Libro |
| Language: | Undetermined Spanish |
| Published: |
México
Pearson Prentice Hall
1999
|
| Edition: | 4a.ed. |
| Subjects: |
| LEADER | 00666nam a2200229Ia 4500 | ||
|---|---|---|---|
| 008 | 241007s9999||||xx |||||||||||||| ||und|| | ||
| 020 | |a 970-17-0170-4 | ||
| 040 | |a BIBLIOTECA-RURC/ 629 I379 | ||
| 041 | |a spa | ||
| 082 | |a 629 I379 | ||
| 100 | 1 | |a Incropera, Frank P. | |
| 100 | 1 | |b Dewitt, David P. | |
| 245 | 1 | 0 | |a Fundamentos de transferencia de calor. |
| 250 | |a 4a.ed. | ||
| 260 | |a México |b Pearson Prentice Hall |c 1999 | ||
| 300 | |a 888 p.:il. | ||
| 650 | 7 | |a INTRODUCIÓN A LA CINDUCCIÓN | |
| 650 | 7 | |b CONDUCCIÓN UNIDIMENSIONAL DE ESTADO ESTABLE | |
| 650 | 7 | |c CONDUCCIÓN BIDIMENSIONAL EN ESTADO ESTABLE. | |
| 942 | |c BK |2 ddc | ||
| 991 | |a TEXTO | ||
| 999 | |c 14507 | ||